| 000 | 00941pam a2200301 a 4500 | ||
|---|---|---|---|
| 001 | 3188 | ||
| 005 | 20250815163024.0 | ||
| 020 | _a9780590486590 | ||
| 040 |
_aDLC _cDLC _dDLC _beng |
||
| 050 | 0 | 0 |
_aTE228.H63 _b 1983 |
| 082 | 0 | 0 | _a001.552 |
| 100 | 1 | _aHoban, Tana | |
| 245 | 1 | 0 |
_aI read signs / _cby Hoban, Tana |
| 260 |
_aNew York : _bScholastic, _c1983 |
||
| 300 |
_a32 pages : _bcolor illustrations ; _c21 cm . |
||
| 505 | _aE | ||
| 520 | _aIntroduces signs and symbols frequently seen along the street. | ||
| 521 |
_a200
_bLexile |
||
| 521 |
_aE
_bRaz-Plus |
||
| 650 | 0 |
_aTraffic signs and signals _xJuvenile literature. |
|
| 650 | 0 |
_aStreet signs _xJuvenile literature. |
|
| 650 | 0 |
_aSigns and signboards _xJuvenile literature. |
|
| 650 | 1 | _aTraffic signs and signals. | |
| 650 | 1 | _aStreet signs. | |
| 650 | 1 | _aSigns and signboards. | |
| 906 |
_a7 _bcbc _corignew _d1 _eocip _f19 _gy-gencatlg |
||
| 942 |
_2ddc _cBK _n0 |
||
| 999 |
_c3188 _d3188 |
||